Computer intensive statistical methods : validation model selection and bootstrap /

Guardado en:
Autor Principal: Hjorth, J. S. Urban.
Formato: Libro
Idioma:English
Publicado: London : Chapman & Hall, 1994.
Edición:1st ed.
Materias:
Etiquetas: Agregar Etiqueta
Sin Etiquetas, Sea el primero en etiquetar este registro!
LEADER 00818nam a2200229 a 4500
001 MAT.inmabb003620
008 931117s1994####enka#####b####001#0#eng#d
005 20130410180140.0
245 1 0 |a Computer intensive statistical methods :  |b validation model selection and bootstrap /  |c J. S. Urban Hjorth. 
250 |a 1st ed. 
260 |a London :  |b Chapman & Hall,  |c 1994. 
300 |a x, 263 p. :  |b il. ;  |c 23 cm. 
504 |a Incluye referencias bibliográficas (p. [254]-259) e índice. 
510 4 |a MR,  |c 95g:62093 
020 |a 0412491605 
100 1 |a Hjorth, J. S. Urban. 
650 0 |a Mathematical statistics  |x Data processing. 
084 |a 62G09 (62F35 62G15 62J02 62J05 62J12 62M10)  |2 MR 
084 |a 62-04  |2 msc2000 
010 |a  93073990  
040 |a Uk  |c Uk  |d IU  |d IaAS  |d DLC 
859 |h 62  |i H677  |p A-7541  |b BIB. MATEMATICA